000 01428nam a2200253Ia 4500
003 Ost
005 20260507074928.0
008 260507s9999||||xx |||||||||||||| ||und||
020 _a9770521914
040 _cfsecg
041 _aara
082 _a519
100 _aباهي، مصطفي حسين
_eمؤلف
245 0 _aالإحصاء التطبيقي باستخدام الحزم الجاهزة STAT &SPSS /
_c مصطفي حسين باهي
260 _aالقاهرة:
_bمكتبة الانجلو المصرية,
_c2006
300 _a364 صفحة؛
_bإيضاحات ؛
_c25 سم
504 _aببليوغرافيا: ص.363؛ ملاحق :ص 305
520 _aمدخل تاريخي للحاسبات، تعريفات ببعض المعالجات الاحصائية، الاحصاء التطبيقي باستخدام برنامج stat، تطبيقات برنامج stat، أساسايات تشغيل برنامج spss، الاخصاء الوصفي باستخدام spss، تحليل التباين في اتجاه واحد، الاختبارات اللامعلمية باستخدام برنامج spss، التحليل العاملي باستخدام برنامج spss
653 _aالاحصاء
653 _aالاحصاء التطبيقي
700 _a سالم، أحمد عبد الفتاح
_eمؤلف ثانوي
700 _aعبد العزيز، محمد فوزي
_eمؤلف ثانوي
942 _cكتاب
999 _c41838
_d41838